[Event "Abe Yanofsky mem U1800"]
[Site "Winnipeg CAN"]
[Date "2011.08.05"]
[Round "1"]
[White "Remillard, John"]
[Black "Swift, Ryne"]
[Result "0-1"]
[WhiteElo "1574"]
[BlackElo "1768"]
[PlyCount "82"]
[GameId "2160767909649106"]
[EventDate "2011.08.05"]
[EventType "swiss"]
[EventRounds "5"]
[EventCountry "CAN"]
[SourceTitle "EXT 2022"]
[Source "ChessBase"]
[SourceDate "2021.10.06"]
[SourceVersion "1"]
[SourceVersionDate "2021.10.06"]
[SourceQuality "1"]

1. c4 c5 2. g3 Nf6 3. Bg2 Nc6 4. Nc3 g6 5. Nf3 d6 6. O-O Bg7 7. e3 O-O 8. a3 Be6 9. b3 Qb6 10. Rb1 a6 11. Ng5 Bf5 12. e4 Bd7 13. Bb2 Bg4 14. f3 Bd7 15. Nd5 Nxd5 16. exd5 Nd4 17. f4 Rab8 18. Bxd4 Bxd4+ 19. Kh1 Qa5 20. Qe2 Rbe8 21. g4 Qxa3 22. f5 Bf6 23. Ne4 Bg7 24. h4 Qa2 25. fxg6 fxg6 26. h5 Rxf1+ 27. Rxf1 Rf8 28. hxg6 Rxf1+ 29. Qxf1 Qa1 30. gxh7+ Kxh7 31. Qxa1 Bxa1 32. Bf3 b5 33. d3 Kg6 34. Kg2 b4 35. Ng3 a5 36. Be4+ Kf7 37. Kf3 Bd4 38. Ne2 a4 39. Nc1 a3 40. Kf4 Bb2 41. Na2 Ba4 0-1

[Event "Abe Yanofsky mem U1800"]
[Site "Winnipeg CAN"]
[Date "2011.08.05"]
[Round "1"]
[White "Wolchock, Theo"]
[Black "Schwartz, Leah"]
[Result "1-0"]
[WhiteElo "1683"]
[BlackElo "1343"]
[PlyCount "57"]
[GameId "2160767909649107"]
[EventDate "2011.08.05"]
[EventType "swiss"]
[EventRounds "5"]
[EventCountry "CAN"]
[SourceTitle "EXT 2022"]
[Source "ChessBase"]
[SourceDate "2021.10.06"]
[SourceVersion "1"]
[SourceVersionDate "2021.10.06"]
[SourceQuality "1"]

1. c4 c5 2. g3 Nc6 3. Bg2 e5 4. Nc3 Nge7 5. e3 g6 6. Nge2 Bg7 7. O-O O-O 8. a3 d6 9. d3 Be6 10. Bd2 Qc7 11. Qc2 Rac8 12. Rac1 Rfd8 13. Rfd1 Qd7 14. f4 d5 15. cxd5 Nxd5 16. Nxd5 Bxd5 17. e4 Be6 18. Be3 Bh3 19. Bf3 Re8 20. Qb3 Nd4 21. Bxd4 exd4 22. Rd2 Rc7 23. Rdc2 Rec8 24. e5 b5 25. Be4 c4 26. dxc4 bxc4 27. Rxc4 Rxc4 28. Rxc4 Rxc4 29. Qxc4 1-0

[Event "Abe Yanofsky mem U1800"]
[Site "Winnipeg CAN"]
[Date "2011.08.06"]
[Round "2"]
[White "Campbell, Gary"]
[Black "Baron, Cody"]
[Result "1-0"]
[WhiteElo "1698"]
[BlackElo "1327"]
[PlyCount "89"]
[GameId "2160767909649109"]
[EventDate "2011.08.05"]
[EventType "swiss"]
[EventRounds "5"]
[EventCountry "CAN"]
[SourceTitle "EXT 2022"]
[Source "ChessBase"]
[SourceDate "2021.10.06"]
[SourceVersion "1"]
[SourceVersionDate "2021.10.06"]
[SourceQuality "1"]

1. d4 d5 2. c4 Nf6 3. Nc3 dxc4 4. e3 Be6 5. Nf3 g6 6. Ng5 Qd7 7. Nxe6 Qxe6 8. Qa4+ Qc6 9. Qxc4 Qxc4 10. Bxc4 Nbd7 11. e4 O-O-O 12. Bxf7 Bg7 13. e5 Ne8 14. Bg5 Bf8 15. Nd5 Kb8 16. Nxe7 Bxe7 17. Bxe7 Rc8 18. Be6 Ng7 19. Bxd7 Rcg8 20. Bf6 c6 21. e6 Kc7 22. O-O h5 23. Rac1 Rh7 24. d5 Kd6 25. dxc6 bxc6 26. Rxc6+ Kd5 27. Rd1+ Ke4 28. Rc4+ Kf5 29. Bxg7 Rhxg7 30. e7+ Ke5 31. e8=Q+ Rxe8 32. Bxe8 Rb7 33. b3 Kf6 34. f4 g5 35. fxg5+ Kxg5 36. Rd6 Kf5 37. Rc5+ Kf4 38. Bc6 Ke3 39. Bxb7 a5 40. Re5+ Kf4 41. Re8 h4 42. Rf6+ Kg5 43. Rf7 a4 44. Rg8+ Kh6 45. Be4 1-0

[Event "Abe Yanofsky mem U1800"]
[Site "Winnipeg CAN"]
[Date "2011.08.06"]
[Round "2"]
[White "Manicdao, Tomas"]
[Black "Ott, Richard"]
[Result "1-0"]
[WhiteElo "1710"]
[BlackElo "1629"]
[PlyCount "56"]
[GameId "2160767909649111"]
[EventDate "2011.08.05"]
[EventType "swiss"]
[EventRounds "5"]
[EventCountry "CAN"]
[SourceTitle "EXT 2022"]
[Source "ChessBase"]
[SourceDate "2021.10.06"]
[SourceVersion "1"]
[SourceVersionDate "2021.10.06"]
[SourceQuality "1"]

1. f4 d5 2. Nf3 Nf6 3. e3 Bg4 4. d4 e6 5. Bd3 c5 6. c3 Nc6 7. O-O Qc7 8. Nbd2 O-O-O 9. Qe1 cxd4 10. Nxd4 e5 11. Nxc6 bxc6 12. h3 e4 13. Bc2 Bf5 14. Nb3 Bd6 15. Nd4 Bd7 16. Bd2 g5 17. fxg5 Nh5 18. g4 Bg3 19. Qe2 Ng7 20. Rxf7 Rdf8 21. Raf1 Rxf7 22. Rxf7 Qe5 23. Qa6+ Kd8 24. Qxa7 Qc7 25. Qxc7+ Kxc7 26. Rxg7 h5 27. Kg2 h4 28. Ba4 Rf8 1-0

[Event "Abe Yanofsky mem U1800"]
[Site "Winnipeg CAN"]
[Date "2011.08.06"]
[Round "2"]
[White "Reimer, Bruce"]
[Black "Iomdina, Alexander"]
[Result "1-0"]
[WhiteElo "1669"]
[BlackElo "1410"]
[PlyCount "59"]
[GameId "2160767909649112"]
[EventDate "2011.08.05"]
[EventType "swiss"]
[EventRounds "5"]
[EventCountry "CAN"]
[SourceTitle "EXT 2022"]
[Source "ChessBase"]
[SourceDate "2021.10.06"]
[SourceVersion "1"]
[SourceVersionDate "2021.10.06"]
[SourceQuality "1"]

1. c4 c5 2. g3 g6 3. Bg2 Bg7 4. Nc3 Nc6 5. e4 d6 6. Nge2 Nf6 7. O-O O-O 8. d3 a6 9. Be3 Rb8 10. a4 Bg4 11. f3 Bd7 12. Qd2 Nb4 13. h3 e6 14. f4 d5 15. Bxc5 Nc6 16. Bxf8 Qb6+ 17. c5 Qb4 18. Bd6 Ne8 19. Bxb8 Nd4 20. Nxd4 Qxd4+ 21. Kh2 dxe4 22. Nxe4 Bxa4 23. Be5 Bxe5 24. fxe5 Bb5 25. Qc3 Qd8 26. Nd6 Nc7 27. Nxf7 Qe7 28. Qd4 Nd5 29. Bxd5 exd5 30. Qxd5 1-0

[Event "Abe Yanofsky mem U1800"]
[Site "Winnipeg CAN"]
[Date "2011.08.06"]
[Round "2"]
[White "Schwartz, Leah"]
[Black "Gannon, Keith"]
[Result "0-1"]
[WhiteElo "1343"]
[BlackElo "1607"]
[PlyCount "78"]
[GameId "2160767909649113"]
[EventDate "2011.08.05"]
[EventType "swiss"]
[EventRounds "5"]
[EventCountry "CAN"]
[SourceTitle "EXT 2022"]
[Source "ChessBase"]
[SourceDate "2021.10.06"]
[SourceVersion "1"]
[SourceVersionDate "2021.10.06"]
[SourceQuality "1"]

1. e4 c5 2. c4 d6 3. d3 Nf6 4. Ne2 Nc6 5. g3 e6 6. Bg2 Be7 7. O-O O-O 8. Nbc3 Bd7 9. Be3 a6 10. Qc2 Re8 11. d4 cxd4 12. Bxd4 Nxd4 13. Nxd4 Rb8 14. Rad1 Qc8 15. Rd2 Qxc4 16. Rfd1 Qc7 17. Nf3 Rec8 18. Rc1 b5 19. Rd3 Bc6 20. Ne2 Qb7 21. Re3 Bxe4 22. Qd2 Rxc1+ 23. Nxc1 Rc8 24. Nb3 d5 25. Bh3 Nd7 26. Nfd4 Qa8 27. f3 Bg6 28. Na5 Bg5 29. f4 Bf6 30. Re1 Nc5 31. Rc1 Ne4 32. Rxc8+ Qxc8 33. Qe3 Bxd4 34. Qxd4 Qc1+ 35. Bf1 Nd2 36. Qf2 Nxf1 37. Qb6 Ne3+ 38. Kf2 Qd2+ 39. Kf3 Be4# 0-1

[Event "Abe Yanofsky mem U1800"]
[Site "Winnipeg CAN"]
[Date "2011.08.06"]
[Round "2"]
[White "Swift, Ryne"]
[Black "Goodman, Clifford"]
[Result "1-0"]
[WhiteElo "1768"]
[BlackElo "1638"]
[PlyCount "62"]
[GameId "2160767909649114"]
[EventDate "2011.08.05"]
[EventType "swiss"]
[EventRounds "5"]
[EventCountry "CAN"]
[SourceTitle "EXT 2022"]
[Source "ChessBase"]
[SourceDate "2021.10.06"]
[SourceVersion "1"]
[SourceVersionDate "2021.10.06"]
[SourceQuality "1"]

1. e4 c5 2. Nf3 g6 3. d4 cxd4 4. Nxd4 Nc6 5. Be3 Bg7 6. Be2 Nf6 7. f3 d5 8. Nxc6 bxc6 9. e5 Nd7 10. f4 e6 11. O-O O-O 12. Nc3 c5 13. Bd2 Rb8 14. b3 f6 15. Bg4 f5 16. Be2 Nb6 17. Nb5 Qe7 18. Nd6 Bd7 19. Rf3 Nc8 20. Nxc8 Rfxc8 21. Qe1 Kf7 22. Rh3 Rh8 23. Ba5 Rb7 24. Ba6 Rbb8 25. a3 Qe8 26. Bc7 Bb5 27. Bxb8 Qxb8 28. Bxb5 Qxb5 29. Qf1 Qb6 30. Kh1 g5 31. Rh5 g4 1-0

[Event "Abe Yanofsky mem U1800"]
[Site "Winnipeg CAN"]
[Date "2011.08.06"]
[Round "2"]
[White "Trinidad, Kris"]
[Black "Proulx, Roy"]
[Result "1-0"]
[WhiteElo "1570"]
[BlackElo "1705"]
[PlyCount "75"]
[GameId "2160767909649115"]
[EventDate "2011.08.05"]
[EventType "swiss"]
[EventRounds "5"]
[EventCountry "CAN"]
[SourceTitle "EXT 2022"]
[Source "ChessBase"]
[SourceDate "2021.10.06"]
[SourceVersion "1"]
[SourceVersionDate "2021.10.06"]
[SourceQuality "1"]

1. d4 d5 2. c4 e6 3. Nc3 Nf6 4. Nf3 Be7 5. e3 O-O 6. Bd3 c6 7. O-O Nbd7 8. e4 dxc4 9. Bxc4 b5 10. Bd3 a6 11. Bg5 Bb7 12. e5 Nd5 13. Ne4 f5 14. Bxe7 Qxe7 15. Nd6 Rab8 16. Rc1 Ba8 17. Qd2 h6 18. Kh1 Kh7 19. g4 g6 20. Rg1 c5 21. dxc5 g5 22. gxf5 exf5 23. Nxf5 Rxf5 24. Bxf5+ Kh8 25. c6 N7b6 26. h4 Rg8 27. Qd4 Qf7 28. e6+ Qf6 29. hxg5 Qxd4 30. Nxd4 hxg5 31. Rg3 Nc4 32. Rh3+ Kg7 33. Re1 Kf6 34. Rh7 g4 35. e7 Re8 36. Re6+ Kg5 37. Bg6 Nxe7 38. Bxe8 1-0

[Event "Abe Yanofsky mem U1800"]
[Site "Winnipeg CAN"]
[Date "2011.08.06"]
[Round "2"]
[White "Trueman, Francis"]
[Black "Milward, David"]
[Result "0-1"]
[WhiteElo "1447"]
[BlackElo "1746"]
[PlyCount "74"]
[GameId "2160767909649116"]
[EventDate "2011.08.05"]
[EventType "swiss"]
[EventRounds "5"]
[EventCountry "CAN"]

1. Nf3 Nf6 2. d3 g6 3. Nbd2 Bg7 4. g3 O-O 5. Bg2 c6 6. O-O Na6 7. a3 d5 8. e4 dxe4 9. dxe4 Qb6 10. Qe2 Bg4 11. a4 e6 12. Nc4 Qc7 13. Bf4 Qc8 14. Rad1 Nh5 15. Bd6 Rd8 16. e5 Bf8 17. Qe3 Ng7 18. Ng5 Bxd1 19. Ne4 Nf5 20. Nf6+ Kg7 21. Qd2 Nxd6 22. Ne3 Ne4 23. Qc1 Nxf6 24. exf6+ Kxf6 25. Nxd1 Kg7 26. Ne3 Kg8 27. Ng4 Bg7 28. h4 h5 29. Ne3 Qd7 30. Rd1 Qe7 31. Re1 Rd7 32. c3 Rad8 33. Re2 Bh6 34. f4 Qc5 35. Kf2 Nb4 36. Qb1 Nd5 37. Be4 f5 0-1

[Event "Abe Yanofsky mem U1800"]
[Site "Winnipeg CAN"]
[Date "2011.08.06"]
[Round "2"]
[White "Villeneuve, Justin"]
[Black "Remillard, John"]
[Result "0-1"]
[WhiteElo "1206"]
[BlackElo "1574"]
[PlyCount "74"]
[GameId "2160767909649117"]
[EventDate "2011.08.05"]
[EventType "swiss"]
[EventRounds "5"]
[EventCountry "CAN"]
[SourceTitle "EXT 2022"]
[Source "ChessBase"]
[SourceDate "2021.10.06"]
[SourceVersion "1"]
[SourceVersionDate "2021.10.06"]
[SourceQuality "1"]

1. e4 e5 2. Nf3 Nc6 3. d4 exd4 4. Nxd4 Nge7 5. Nc3 Nxd4 6. Qxd4 Nc6 7. Qd1 Bc5 8. Bc4 Qf6 9. O-O O-O 10. Qd2 Qd4 11. Qxd4 Bxd4 12. Bf4 Bxc3 13. bxc3 d6 14. Rfe1 Be6 15. Bxe6 fxe6 16. Bg3 Na5 17. e5 d5 18. Rab1 b6 19. Re3 Nc4 20. Rf3 Rxf3 21. gxf3 Nd2 22. Rb4 Nxf3+ 23. Kg2 Ne1+ 24. Kf1 Nxc2 25. Rg4 Rf8 26. Bf4 Rf5 27. Bh6 g6 28. Rg3 Rh5 29. Be3 Nxe3+ 30. fxe3 Rxe5 31. Kf2 Kf7 32. Rg4 Kf6 33. Ra4 a5 34. c4 Re4 35. h3 Rxc4 36. Rxc4 dxc4 37. Ke2 b5 0-1

[Event "Abe Yanofsky mem U1800"]
[Site "Winnipeg CAN"]
[Date "2011.08.06"]
[Round "3"]
[White "Baron, Cody"]
[Black "Trueman, Francis"]
[Result "0-1"]
[WhiteElo "1327"]
[BlackElo "1447"]
[PlyCount "168"]
[GameId "2160767909649118"]
[EventDate "2011.08.05"]
[EventType "swiss"]
[EventRounds "5"]
[EventCountry "CAN"]
[SourceTitle "EXT 2022"]
[Source "ChessBase"]
[SourceDate "2021.10.06"]
[SourceVersion "1"]
[SourceVersionDate "2021.10.06"]
[SourceQuality "1"]

1. e4 d6 2. d4 Nf6 3. Nc3 g6 4. Nf3 Bg7 5. Bd3 O-O 6. Be3 c6 7. Qd2 Qc7 8. O-O Nbd7 9. Rac1 e5 10. d5 Nc5 11. Bxc5 dxc5 12. dxc6 bxc6 13. Qg5 Ng4 14. h3 Nf6 15. Qxe5 Qa5 16. Qd6 Bb7 17. Ne5 Rac8 18. Nd7 Nxd7 19. Qxd7 Rc7 20. Qg4 Bc8 21. Qf3 Be6 22. Ra1 Rd8 23. Rfd1 Rb7 24. h4 Rxb2 25. h5 Qxc3 26. Kh1 Qe5 27. hxg6 fxg6 28. Bc4 Re8 29. Bxe6+ Qxe6 30. Rd2 Rf8 31. Qe3 Rb4 32. Re1 Bd4 33. Qd3 Bg7 34. Qd6 Qxd6 35. Rxd6 Rb2 36. e5 Rxc2 37. Rxc6 Rfxf2 38. Rc8+ Rf8 39. Rxf8+ Kxf8 40. a4 Ke7 41. e6 Rc4 42. Kh2 Rxa4 43. Kg3 c4 44. Kf3 c3 45. Ke3 Ra3 46. Kd3 Ra6 47. g4 Rxe6 48. Ra1 Rd6+ 49. Kc2 Rd2+ 50. Kc1 Rd7 51. g5 Ke6 52. Ra6+ Kf5 53. Ra5+ Ke4 54. Ra2 Kf4 55. Rg2 Rd5 56. Ra2 a5 57. Rh2 Rxg5 58. Rxh7 Bd4 59. Rh4+ Ke3 60. Rh3+ Kf2 61. Rh8 Kg3 62. Ra8 Rf5 63. Rd8 Rf1+ 64. Kc2 Bg7 65. Rg8 Rf2+ 66. Kc1 Rf7 67. Kc2 a4 68. Kb1 a3 69. Ra8 a2+ 70. Rxa2 Rf1+ 71. Kc2 Rf2+ 72. Kb3 Rxa2 73. Kxa2 g5 74. Kb3 Kf3 75. Kc2 g4 76. Kd1 g3 77. Ke1 c2 78. Kd2 g2 79. Kxc2 g1=Q 80. Kb3 Qc1 81. Kb4 Ke4 82. Kb5 Kd5 83. Ka4 Qb1 84. Ka3 Kc4 0-1

[Event "Abe Yanofsky mem U1800"]
[Site "Winnipeg CAN"]
[Date "2011.08.06"]
[Round "3"]
[White "Campbell, Gary"]
[Black "Swift, Ryne"]
[Result "0-1"]
[WhiteElo "1698"]
[BlackElo "1768"]
[PlyCount "57"]
[GameId "2160767909649119"]
[EventDate "2011.08.05"]
[EventType "swiss"]
[EventRounds "5"]
[EventCountry "CAN"]
[SourceTitle "EXT 2022"]
[Source "ChessBase"]
[SourceDate "2021.10.06"]
[SourceVersion "1"]
[SourceVersionDate "2021.10.06"]
[SourceQuality "1"]

1. d4 d5 2. c4 Nf6 3. Nc3 c6 4. e3 e6 5. Nf3 Be7 6. Bd3 O-O 7. O-O h6 8. Re1 Nbd7 9. e4 dxe4 10. Nxe4 Nxe4 11. Bxe4 Nf6 12. Bc2 Qc7 13. h3 Bd7 14. Ne5 Be8 15. Bf4 Qb6 16. Be3 Qc7 17. Qd3 Kh8 18. Ng4 g6 19. Bxh6 Rg8 20. Bd2 Rd8 21. Qe3 Rg7 22. Ne5 Kg8 23. Rad1 Nd7 24. Qf3 Nxe5 25. dxe5 Rxd2 26. Rxd2 Bb4 27. Rde2 Bxe1 28. Rxe1 Qa5 29. a3 0-1

[Event "Abe Yanofsky mem U1800"]
[Site "Winnipeg CAN"]
[Date "2011.08.06"]
[Round "3"]
[White "Iomdina, Alexander"]
[Black "Villeneuve, Justin"]
[Result "1-0"]
[WhiteElo "1410"]
[BlackElo "1206"]
[PlyCount "91"]
[GameId "2160767909649120"]
[EventDate "2011.08.05"]
[EventType "swiss"]
[EventRounds "5"]
[EventCountry "CAN"]
[SourceTitle "EXT 2022"]
[Source "ChessBase"]
[SourceDate "2021.10.06"]
[SourceVersion "1"]
[SourceVersionDate "2021.10.06"]
[SourceQuality "1"]

1. d4 d5 2. c4 e6 3. Nc3 Nf6 4. Bg5 Nbd7 5. e3 Bb4 6. cxd5 exd5 7. Bd3 Bxc3+ 8. bxc3 O-O 9. Qc2 h6 10. Bh4 b6 11. Ne2 c5 12. f3 c4 13. Bf5 Qe7 14. Bf2 Bb7 15. O-O a5 16. a4 Rfe8 17. Qd2 Bc6 18. Rfe1 Rab8 19. Nf4 b5 20. axb5 Rxb5 21. Bc2 Ra8 22. Ra2 Qd8 23. Rea1 Qc7 24. Ba4 Rb6 25. Bg3 Qd8 26. Ra3 Bxa4 27. Rxa4 Rba6 28. Qa2 Qb6 29. Rb1 Qa7 30. Qa3 Nb6 31. Rb5 Nxa4 32. Qxa4 Rb8 33. Nxd5 Rxb5 34. Qxb5 Nxd5 35. Qxd5 a4 36. Qxc4 a3 37. Qa2 Qb6 38. Qc4 a2 39. Qc8+ Kh7 40. Qf5+ g6 41. Qxf7+ Kh8 42. Be5+ Qf6 43. Bxf6+ Rxf6 44. Qxf6+ Kg8 45. Qe6+ Kf8 46. Qxa2 1-0

[Event "Abe Yanofsky mem U1800"]
[Site "Winnipeg CAN"]
[Date "2011.08.06"]
[Round "3"]
[White "Leaden, Bruce"]
[Black "Reimer, Bruce"]
[Result "0-1"]
[WhiteElo "1502"]
[BlackElo "1689"]
[PlyCount "80"]
[GameId "2160767909649121"]
[EventDate "2011.08.05"]
[EventType "swiss"]
[EventRounds "5"]
[EventCountry "CAN"]
[SourceTitle "EXT 2022"]
[Source "ChessBase"]
[SourceDate "2021.10.06"]
[SourceVersion "1"]
[SourceVersionDate "2021.10.06"]
[SourceQuality "1"]

1. d4 Nf6 2. Bf4 g6 3. Nf3 Bg7 4. e3 d6 5. Be2 O-O 6. h3 c5 7. c3 Nc6 8. O-O Qb6 9. b3 cxd4 10. Nxd4 e5 11. Nxc6 Qxc6 12. Bh2 b5 13. Nd2 Bb7 14. Nf3 a6 15. Rc1 Rac8 16. Qc2 Rc7 17. Rfd1 Ne4 18. c4 Rd8 19. Bf1 Rdc8 20. Nd2 Nxf2 21. Kxf2 Bh6 22. Re1 bxc4 23. Qxc4 Qd7 24. Qg4 Qxg4 25. hxg4 Rxc1 26. Rxc1 Rxc1 27. Bd3 f6 28. Nc4 d5 29. Nd6 Ba8 30. e4 dxe4 31. Nxe4 Bxe4 32. Bxe4 Bf8 33. Bd5+ Kg7 34. g5 Rc2+ 35. Ke1 Rxa2 36. gxf6+ Kxf6 37. Kf1 h5 38. Bg3 Bc5 39. b4 Ra1+ 40. Ke2 Bxb4 0-1

[Event "Abe Yanofsky mem U1800"]
[Site "Winnipeg CAN"]
[Date "2011.08.06"]
[Round "3"]
[White "Milward, David"]
[Black "Gannon, Keith"]
[Result "1-0"]
[WhiteElo "1746"]
[BlackElo "1607"]
[PlyCount "115"]
[GameId "2160767909649122"]
[EventDate "2011.08.05"]
[EventType "swiss"]
[EventRounds "5"]
[EventCountry "CAN"]

1. e4 c5 2. Nf3 d6 3. d4 cxd4 4. Nxd4 Nf6 5. Nc3 e6 6. g4 Be7 7. g5 Nfd7 8. h4 Ne5 9. Be3 Nbc6 10. Be2 O-O 11. Qd2 Nxd4 12. Qxd4 Nc6 13. Qd2 Re8 14. O-O-O a6 15. h5 b5 16. Rdg1 b4 17. Na4 Qa5 18. b3 Rb8 19. g6 Qe5 20. gxf7+ Kxf7 21. Qd3 Qb5 22. Qxb5 axb5 23. Nb2 Bf6 24. Bf4 Bxb2+ 25. Kxb2 e5 26. Be3 Be6 27. Ra1 Nd4 28. Bxd4 exd4 29. Rad1 d5 30. Rxd4 dxe4 31. Rxb4 Bd7 32. Rd1 Bc6 33. Rd6 Rec8 34. Bg4 Rc7 35. a4 Ke7 36. Re6+ Kf7 37. axb5 Rxb5 38. Rxb5 Bxb5 39. Rxe4 g6 40. hxg6+ hxg6 41. Be6+ Kf6 42. c4 Bc6 43. Bd5 Bxd5 44. cxd5 Kf5 45. Re2 Rd7 46. Rd2 g5 47. Kc3 g4 48. Kc4 Kf4 49. Kc5 Kf3 50. Kc6 Rh7 51. d6 Rh6 52. Kc7 Rh2 53. d7 Rxf2 54. Rxf2+ Kxf2 55. d8=Q g3 56. b4 g2 57. b5 g1=R 58. Qd4+ 1-0

[Event "Abe Yanofsky mem U1800"]
[Site "Winnipeg CAN"]
[Date "2011.08.06"]
[Round "3"]
[White "Mousseau, Charles"]
[Black "Trinidad, Kris"]
[Result "0-1"]
[WhiteElo "1768"]
[BlackElo "1570"]
[PlyCount "68"]
[GameId "2160767909649123"]
[EventDate "2011.08.05"]
[EventType "swiss"]
[EventRounds "5"]
[EventCountry "CAN"]
[SourceTitle "EXT 2022"]
[Source "ChessBase"]
[SourceDate "2021.10.06"]
[SourceVersion "1"]
[SourceVersionDate "2021.10.06"]
[SourceQuality "1"]

1. e4 c5 2. d4 cxd4 3. c3 dxc3 4. Nxc3 Nc6 5. Nf3 d6 6. Bc4 Bg4 7. Bxf7+ Kxf7 8. Ng5+ Ke8 9. Qxg4 Nf6 10. Qe6 Nd4 11. Qf7+ Kd7 12. O-O h6 13. Nh3 Qe8 14. Qc4 Nc6 15. f4 Rd8 16. e5 d5 17. Qb5 Nh7 18. Nxd5 Kc8 19. Be3 e6 20. Nc3 Be7 21. Rac1 Rf8 22. a4 g5 23. a5 a6 24. Qc4 Qg6 25. Ne4 Kb8 26. Bc5 Nxa5 27. Qa4 Nc6 28. Bxe7 Nxe7 29. fxg5 Nxg5 30. Rxf8 Nxh3+ 31. Kh1 Rxf8 32. gxh3 Rf4 33. Re1 Nf5 34. Qc2 Ne3 0-1

[Event "Abe Yanofsky mem U1800"]
[Site "Winnipeg CAN"]
[Date "2011.08.06"]
[Round "3"]
[White "Proulx, Roy"]
[Black "Remillard, John"]
[Result "1/2-1/2"]
[WhiteElo "1705"]
[BlackElo "1574"]
[PlyCount "85"]
[GameId "2160767909649125"]
[EventDate "2011.08.05"]
[EventType "swiss"]
[EventRounds "5"]
[EventCountry "CAN"]
[SourceTitle "EXT 2022"]
[Source "ChessBase"]
[SourceDate "2021.10.06"]
[SourceVersion "1"]
[SourceVersionDate "2021.10.06"]
[SourceQuality "1"]

1. e4 e5 2. Nf3 Nc6 3. Bc4 Be7 4. c3 d6 5. h3 Nf6 6. d3 O-O 7. a4 Be6 8. Bxe6 fxe6 9. O-O Qd7 10. Re1 Rf7 11. Qb3 Na5 12. Qc2 Raf8 13. b4 Nc6 14. Qb3 Nh5 15. d4 Nf4 16. Bxf4 Rxf4 17. d5 exd5 18. Qxd5+ Kh8 19. Nbd2 R8f6 20. Rad1 Rg6 21. Kf1 Qe6 22. Qb5 Qc8 23. Re3 Rf8 24. a5 a6 25. Qe2 Bg5 26. Nxg5 Rxg5 27. Nf3 Rg6 28. Nh4 Rgf6 29. f3 Ne7 30. g4 Rh6 31. Qf2 g5 32. Nf5 Nxf5 33. exf5 Rxh3 34. Qg2 Rh4 35. Kf2 Rf6 36. Rh1 Rfh6 37. Ree1 Qf8 38. Rxh4 Rxh4 39. Rh1 Qh6 40. Rxh4 Qxh4+ 41. Qg3 Qxg3+ 42. Kxg3 Kg7 43. Kf2 1/2-1/2

[Event "Abe Yanofsky mem U1800"]
[Site "Winnipeg CAN"]
[Date "2011.08.06"]
[Round "3"]
[White "Wolchock, Theo"]
[Black "Manicdao, Tomas"]
[Result "0-1"]
[WhiteElo "1683"]
[BlackElo "1710"]
[PlyCount "88"]
[GameId "2160767909649127"]
[EventDate "2011.08.05"]
[EventType "swiss"]
[EventRounds "5"]
[EventCountry "CAN"]
[SourceTitle "EXT 2022"]
[Source "ChessBase"]
[SourceDate "2021.10.06"]
[SourceVersion "1"]
[SourceVersionDate "2021.10.06"]
[SourceQuality "1"]

1. c4 e6 2. g3 c6 3. Bg2 d5 4. cxd5 cxd5 5. Nc3 Nf6 6. e3 a6 7. Nge2 Bd6 8. O-O O-O 9. b3 Bd7 10. Bb2 Nc6 11. Rc1 Rc8 12. Nf4 Ne5 13. Qe2 Bc6 14. d4 Ng6 15. Rfe1 Bb4 16. a3 Ba5 17. b4 Bc7 18. Nd3 Bd6 19. Red1 h6 20. Nc5 Bxc5 21. dxc5 Qe8 22. f4 Nh7 23. e4 dxe4 24. Bxe4 Ne7 25. Bxc6 Qxc6 26. Ne4 Nf5 27. Nd6 Rcd8 28. Qe5 Qf3 29. Nxf5 Rxd1+ 30. Rxd1 Qxd1+ 31. Kg2 Qc2+ 32. Kg1 Qd1+ 33. Kg2 Nf6 34. Ne3 Qe2+ 35. Kg1 Rd8 36. Bc3 Rd3 37. Bd4 Qe1+ 38. Kg2 Qd2+ 39. Kh3 Rxd4 40. Ng4 Nxg4 41. Kxg4 Rd5 42. Qb8+ Kh7 43. Qxb7 Qe2+ 44. Kh3 Rh5# 0-1

[Event "Abe Yanofsky mem U1800"]
[Site "Winnipeg CAN"]
[Date "2011.08.07"]
[Round "4"]
[White "Manicdao, Tomas"]
[Black "Milward, David"]
[Result "0-1"]
[WhiteElo "1710"]
[BlackElo "1746"]
[PlyCount "92"]
[GameId "2160767909649129"]
[EventDate "2011.08.05"]
[EventType "swiss"]
[EventRounds "5"]
[EventCountry "CAN"]

1. f4 d5 2. Nf3 g6 3. e3 Bg7 4. d4 Bg4 5. Nbd2 e6 6. Be2 Ne7 7. O-O O-O 8. c3 Nd7 9. h3 Bxf3 10. Bxf3 Rc8 11. Qb3 b6 12. c4 c6 13. Qa3 c5 14. cxd5 Nxd5 15. Bxd5 exd5 16. dxc5 Nxc5 17. Rb1 d4 18. e4 d3 19. e5 Qd4+ 20. Kh1 Ne4 21. Nxe4 Qxe4 22. Bd2 Rc2 23. Rfe1 Qd5 24. Rbd1 Rd8 25. Re3 Bf8 26. Qb3 Qxb3 27. axb3 Rxb2 28. b4 Bxb4 29. Bxb4 Rxb4 30. Rexd3 Rxd3 31. Rxd3 a5 32. Rf3 a4 33. g4 Rb3 34. Rf2 Rxh3+ 35. Kg2 Rb3 36. f5 Kf8 37. f6 Ke8 38. Rc2 Kd7 39. Rd2+ Ke6 40. g5 Kxe5 41. Rd7 Ke6 42. Re7+ Kf5 43. Rxf7 Kxg5 44. Ra7 Kxf6 45. Rxa4 b5 46. Ra6+ Kg5 0-1

[Event "Abe Yanofsky mem U1800"]
[Site "Winnipeg CAN"]
[Date "2011.08.07"]
[Round "4"]
[White "Ott, Richard"]
[Black "Baron, Cody"]
[Result "0-1"]
[WhiteElo "1629"]
[BlackElo "1327"]
[PlyCount "62"]
[GameId "2160767909649130"]
[EventDate "2011.08.05"]
[EventType "swiss"]
[EventRounds "5"]
[EventCountry "CAN"]
[SourceTitle "EXT 2022"]
[Source "ChessBase"]
[SourceDate "2021.10.06"]
[SourceVersion "1"]
[SourceVersionDate "2021.10.06"]
[SourceQuality "1"]

1. d4 Nf6 2. Nf3 d5 3. Bf4 Nc6 4. e3 Bg4 5. Bb5 Qd7 6. Nbd2 a6 7. Be2 Bxf3 8. Nxf3 g6 9. c3 b5 10. Be5 Bg7 11. O-O Nxe5 12. Nxe5 Qd6 13. Bf3 Nd7 14. Nd3 O-O 15. Qe2 f5 16. g3 e6 17. Bg2 c5 18. Rfd1 c4 19. Ne1 Rab8 20. b4 Qc6 21. Nf3 Bf6 22. Nd2 Rbd8 23. Re1 e5 24. f3 Rfe8 25. Rac1 Nb6 26. Qf1 Na4 27. Kh1 Nb2 28. e4 Nd3 29. exd5 Qxd5 30. dxe5 Nxe1 31. Qxe1 Qxd2 0-1

[Event "Abe Yanofsky mem U1800"]
[Site "Winnipeg CAN"]
[Date "2011.08.07"]
[Round "4"]
[White "Reimer, Bruce"]
[Black "Proulx, Roy"]
[Result "0-1"]
[WhiteElo "1669"]
[BlackElo "1705"]
[PlyCount "98"]
[GameId "2160767909649132"]
[EventDate "2011.08.05"]
[EventType "swiss"]
[EventRounds "5"]
[EventCountry "CAN"]
[SourceTitle "EXT 2022"]
[Source "ChessBase"]
[SourceDate "2021.10.06"]
[SourceVersion "1"]
[SourceVersionDate "2021.10.06"]
[SourceQuality "1"]

1. c4 e6 2. g3 c5 3. Bg2 Nc6 4. Nc3 Nf6 5. e4 e5 6. Nge2 Be7 7. O-O O-O 8. d3 Nd4 9. Nxd4 cxd4 10. Ne2 d6 11. Bg5 Ne8 12. Bxe7 Qxe7 13. f4 f6 14. f5 Bd7 15. h4 b5 16. b3 bxc4 17. bxc4 Rb8 18. Rb1 Nc7 19. g4 Na6 20. Qd2 Nc5 21. g5 Rxb1 22. Rxb1 Be8 23. Bf3 a5 24. Kh2 a4 25. gxf6 Rxf6 26. Rg1 Kh8 27. Qg5 Nxd3 28. Ng3 h6 29. Qd2 Nf4 30. Ne2 Ne6 31. Qd1 Nc5 32. Ng3 Rf8 33. Bh5 Qxh4+ 34. Kg2 Nxe4 35. Qf3 Qxg3+ 36. Qxg3 Nxg3 37. Bxe8 Rxe8 38. Kxg3 Rc8 39. Rc1 Kg8 40. Kf3 Kf7 41. Ke4 Rc5 42. Kd3 Kf6 43. Rf1 d5 44. cxd5 Rxd5 45. Kc4 Rd7 46. Kb4 d3 47. Kxa4 d2 48. Rd1 e4 49. Kb3 e3 0-1